Fundamentals of engineering examination review (Record no. 570045)

000 -LEADER
fixed length control field 00667nam a22001817a 4500
003 - CONTROL NUMBER IDENTIFIER
control field CEME
005 - DATE AND TIME OF LATEST TRANSACTION
control field 20210628202521.0
008 - FIXED-LENGTH DATA ELEMENTS--GENERAL INFORMATION
fixed length control field 210209b xxu||||| |||| 00| 0 eng d
020 ## - INTERNATIONAL STANDARD BOOK NUMBER
International Standard Book Number 0-19-514896-7
040 ## - CATALOGING SOURCE
Transcribing agency .
082 ## - DEWEY DECIMAL CLASSIFICATION NUMBER
Classification number 620 FUN
100 ## - MAIN ENTRY--PERSONAL NAME
Personal name Arterburn, David R Newnan, Donald G
9 (RLIN) 60272
245 ## - TITLE STATEMENT
Title Fundamentals of engineering examination review
260 ## - PUBLICATION, DISTRIBUTION, ETC.
Place of publication, distribution, etc. NEW YORK
Name of publisher, distributor, etc. OXFORD UNIVERSITY PRESS
Date of publication, distribution, etc. 2002
300 ## - PHYSICAL DESCRIPTION
Extent XV,908P
650 ## - SUBJECT ADDED ENTRY--TOPICAL TERM
Topical term or geographic name entry element FLUID MECHANICS; MECHANICS OF MATERIALS; DYNAMICS; STATICS; PROBABILITY AND STATISTICS; COMPUTERS; DIFFERENTIAL EQUATIONS; CALCULUS; LINEAR ALGEBRA; ANALYTIC GEOMETRY; PRECALCULUS
9 (RLIN) 60273
942 ## - ADDED ENTRY ELEMENTS (KOHA)
Koha item type Book
Source of classification or shelving scheme
Holdings
Withdrawn status Lost status Source of classification or shelving scheme Damaged status Not for loan Permanent Location Current Location Shelving location Date acquired Full call number Barcode Date last seen Price effective from Koha item type Public note
          College of Electrical & Mechanical Engineering (CEME) College of Electrical & Mechanical Engineering (CEME) General Stacks 07/19/2017 620 FUN CEME-36112 06/28/2021 06/28/2021 Book 4.0
© 2023 Central Library, National University of Sciences and Technology. All Rights Reserved.